| 000 | 00765nam a2200241 a 4500 | ||
|---|---|---|---|
| 001 | 000022804 | ||
| 005 | 20200930021815.0 | ||
| 008 | 101118s1995 sp r 000 0 spa d | ||
| 020 | _a8420646644 | ||
| 040 |
_aDO-SdBNP _bspa _cBNPHU |
||
| 082 |
_a220.44 _bV648m |
||
| 100 | 1 |
_aVidal Manzanares, César _d1958- _946846 |
|
| 245 | 1 | 0 |
_aLos manuscritos del mar muerto / _cCésar Vidal Manzanares. |
| 260 |
_aMadrid, (España) : _bAlianza Editorial, _c1995. |
||
| 300 |
_a63 p. ; _c15 cm. |
||
| 490 | 1 |
_aAlianza cien _v64 |
|
| 500 | _aLibro de bolsillo | ||
| 650 | 4 |
_aManuscritos del mar muerto _946847 |
|
| 650 | 4 |
_aJudaismo _xHistoria _946848 |
|
| 650 | 4 |
_aCristianismo _xHistoria _944165 |
|
| 650 | 4 |
_aBiblia _xHistoria _934724 |
|
| 830 | 0 |
_aAlianza cien ; _v64 _912832 |
|
| 999 |
_c22301 _d22301 |
||